Marketing telekomunikačných firiem v SR diplomová práca

Salvato in:
Dettagli Bibliografici
Autore principale: Šajbanová, Adriena
Ente Autore: Obchodná fakulta EU. Katedra marketingu
Altri autori: Lesáková, Dagmar, 1949-
Natura: Libro
Lingua:slovacco
Pubblicazione: Bratislava 2011
Tags: Aggiungi Tag
Nessun Tag, puoi essere il primo ad aggiungerne!!

MARC

LEADER 00000nbm a2200000 4500
001 0131821
005 20161109101734.9
041 0 |a slo 
044 |a SK 
245 1 0 |a Marketing telekomunikačných firiem v SR  |b diplomová práca  |c Adriena Šajbanová ; školiteľ: Dagmar Lesáková 
264 1 |a Bratislava  |c 2011 
300 |a 115 s. 
100 1 |a Šajbanová, Adriena 
700 1 |a Lesáková, Dagmar, 1949- 
710 2 |a Obchodná fakulta EU. Katedra marketingu